<?xml version="1.0" encoding="UTF-8"?><?xml-stylesheet type="text/xsl" href="static/style.xsl"?><OAI-PMH xmlns="http://www.openarchives.org/OAI/2.0/" xmlns:xsi="http://www.w3.org/2001/XMLSchema-instance" xsi:schemaLocation="http://www.openarchives.org/OAI/2.0/ http://www.openarchives.org/OAI/2.0/OAI-PMH.xsd"><responseDate>2026-04-14T02:30:17Z</responseDate><request verb="GetRecord" identifier="oai:www.recercat.cat:10459.1/47788" metadataPrefix="marc">https://recercat.cat/oai/request</request><GetRecord><record><header><identifier>oai:recercat.cat:10459.1/47788</identifier><datestamp>2024-12-05T22:53:53Z</datestamp><setSpec>com_2072_3622</setSpec><setSpec>col_2072_479130</setSpec></header><metadata><record xmlns="http://www.loc.gov/MARC21/slim" xmlns:dcterms="http://purl.org/dc/terms/" xmlns:xsi="http://www.w3.org/2001/XMLSchema-instance" xmlns:doc="http://www.lyncode.com/xoai" xsi:schemaLocation="http://www.loc.gov/MARC21/slim http://www.loc.gov/standards/marcxml/schema/MARC21slim.xsd">
   <leader>00925njm 22002777a 4500</leader>
   <datafield ind2=" " ind1=" " tag="042">
      <subfield code="a">dc</subfield>
   </datafield>
   <datafield ind2=" " ind1=" " tag="720">
      <subfield code="a">Gracia Cuesta, Alvaro de</subfield>
      <subfield code="e">author</subfield>
   </datafield>
   <datafield ind2=" " ind1=" " tag="720">
      <subfield code="a">Castell, Albert</subfield>
      <subfield code="e">author</subfield>
   </datafield>
   <datafield ind2=" " ind1=" " tag="720">
      <subfield code="a">Jiménez, Melanie</subfield>
      <subfield code="e">author</subfield>
   </datafield>
   <datafield ind2=" " ind1=" " tag="720">
      <subfield code="a">Boer, Dieter</subfield>
      <subfield code="e">author</subfield>
   </datafield>
   <datafield ind2=" " ind1=" " tag="720">
      <subfield code="a">Medrano Martorell, Marc</subfield>
      <subfield code="e">author</subfield>
   </datafield>
   <datafield ind2=" " ind1=" " tag="720">
      <subfield code="a">Cabeza, Luisa F.</subfield>
      <subfield code="e">author</subfield>
   </datafield>
   <datafield ind2=" " ind1=" " tag="720">
      <subfield code="a">Rincón, Lídia</subfield>
      <subfield code="e">author</subfield>
   </datafield>
   <datafield ind2=" " ind1=" " tag="260">
      <subfield code="c">2015-02-02T10:51:02Z</subfield>
   </datafield>
   <datafield ind2=" " ind1=" " tag="260">
      <subfield code="c">2025-01-01</subfield>
   </datafield>
   <datafield ind2=" " ind1=" " tag="260">
      <subfield code="c">2010</subfield>
   </datafield>
   <datafield ind2=" " ind1=" " tag="520">
      <subfield code="a">The present work evaluates the environmental impact of including phase change materials (PCM) in a&#xd;
typical Mediterranean building. A Life Cycle Assessment (LCA) is developed for three monitored cubicles&#xd;
built in Puigverd de Lleida (Spain). It is possible to control the inner temperature of the cubicles using&#xd;
a domestic heat pump for cooling and an electrical radiator for heating: The energy consumption is&#xd;
registered to determine the energy savings achieved. The aim is to analyze if these energy savings are&#xd;
large enough to balance the environmental impact originated during the manufacturing of PCM.&#xd;
Some hypothetical scenarios, such as different systems to control the temperature different PCM types&#xd;
or different weather conditions are proposed and studied using LCA process to point out the critical issues.&#xd;
Furthermore, a parametric analysis of the lifetime of buildings is developed.&#xd;
Results show that the addition of PCM in the building envelope, although decreasing the energy consumption&#xd;
during operation, does not reduce significantly the global impact throughout the lifetime of&#xd;
the building. For the hypothetical scenario considering summer conditions all year around and a lifetime&#xd;
of the building of 100 years, the use of PCM reduces the overall impact by more than 10%.</subfield>
   </datafield>
   <datafield ind2=" " ind1=" " tag="520">
      <subfield code="a">The work was partially funded by the Spanish government&#xd;
(projects ENE2008-06687-C02-01/CON, CTQ2009-14420-C02 and&#xd;
DPI2008-04099I) and the European Union (COST Action COST&#xd;
TU0802), in collaboration with the companies Synthesia, Honeywell,&#xd;
and Cityhall of Puigverd de Lleida. The authors would&#xd;
like to thank the Catalan Government for the quality accreditation&#xd;
given to their research group (2009 SGR 534). The authors&#xd;
also wish to acknowledge support of this research work from the&#xd;
Spanish Ministry of Education and Science (DPI2008-04099/DPI&#xd;
and CTQ2009-14420) and the Spanish Ministry of External Affairs&#xd;
(A/023551/09).</subfield>
   </datafield>
   <datafield ind1="8" ind2=" " tag="024">
      <subfield code="a">http://hdl.handle.net/10459.1/47788</subfield>
   </datafield>
   <datafield tag="653" ind2=" " ind1=" ">
      <subfield code="a">LCA</subfield>
   </datafield>
   <datafield tag="653" ind2=" " ind1=" ">
      <subfield code="a">PCM</subfield>
   </datafield>
   <datafield tag="653" ind2=" " ind1=" ">
      <subfield code="a">TES</subfield>
   </datafield>
   <datafield ind2="0" ind1="0" tag="245">
      <subfield code="a">Life Cycle Assessment of the inclusion of phase change materials (PCM) in experimental buildings</subfield>
   </datafield>
</record></metadata></record></GetRecord></OAI-PMH>